000 01124nab a22002657a 4500
999 _c6493
_d6493
003 OSt
005 20260213105222.0
008 190506c xxu||||| |||| 00| 0 spa d
040 _cPJ
100 _aLoguarro, Claudio Fabián
_91472
245 1 3 _aLa sentencia como texto argumentativo /
_cClaudio F. Loguarro.
260 _aBuenos Aires :
_bAbeledoPerrot,
_c2023.
300 _ap. 3-8
500 _aCita: TR LALEY AR/DOC/1323/2023.
505 _aSumario: I. Introducción.— II. La argumentación jurídica.— III. El lenguaje legal.— IV. Jerarquización y tonalización.— V. El texto judicial como texto argumentativo.
505 _t¿Te interesa el texto completo? Comunicate al correo: koha@justierradelfuego.gov.ar
650 0 _91316
_aDERECHO LABORAL
650 0 _92095
_aSENTENCIA
650 0 _91194
_aCONSEJO DE LA MAGISTRATURA
650 0 _92652
_aDEBERES Y FACULTADES DEL JUEZ
650 0 _9217
_aPODER JUDICIAL
650 0 _aEJECUCION DE SENTENCIA
773 0 _02751
_93202
_dBuenos Aires : AbeledoPerrot, 2013-
_tRevista de derecho laboral y seguridad social. Nº 14 - Julio 2023
942 _2udc
_cANA